| 000 | 01015cam a22001934a 4500 | ||
|---|---|---|---|
| 005 | 20250605163933.0 | ||
| 008 | 250528s ||||||||||||||||||||||||d | ||
| 035 | _a14757 | ||
| 020 | _a140156771 | ||
| 040 |
_aGR-AtMCL _bgre _dGR-AtMCL _eAACR2 |
||
| 245 | 1 | _aThe Raw and the Cooked / Introduction to a Science of Mythology: I | |
| 260 |
_bPenguin Books, _c1990 |
||
| 300 | _a372 | ||
| 520 | _aA seminar work of structural anthropology that cuts wide and deep into the mind of man. Illustrations, Table of Symbols, Overture, Theme and Variations, Bororo Song, Ge Variations, The ''Good Manners'' Sonata, A Short Symphony, Fugue of the Five Senses, The Opossum's Cantata, Well-Tempered Astronomy, Three-Part Inventions, Double Inverted Canon, Toccata and Fugue, Chromatic Piece, Rustic Symphony in Three Movements, Divertissement on a Folk Theme, Bird Chorus, The Wedding, Bibliography, Index of Myths, General Index. | ||
| 700 | 1 |
_aLevi-Strauss Claude _9239 |
|
| 942 | _cBK | ||
| 999 |
_c377 _d377 |
||